| 000 | 00895nam a2200253Ia 4500 | ||
|---|---|---|---|
| 003 | OSt | ||
| 005 | 20220923225012.0 | ||
| 006 | a|||||r|||| 00| 0 | ||
| 007 | ta | ||
| 008 | 220922b |||||||| |||| 00| 0 hin d | ||
| 024 | _a255,048 | ||
| 037 | _cTextual | ||
| 040 |
_aARTS _cARTS _bhin |
||
| 041 |
_2hin _ahin |
||
| 082 | _aP, 152J6;K2 | ||
| 100 | _aशास्त्री, मंगलदेव | ||
| 245 | 0 | _aतुलनात्मक भाषा शास्त्र अथवा भाषा विज्ञाऩ | |
| 246 | _aTulanātmak bhāṣhā shāstra athavā bhāṣhā vijnyāऩ | ||
| 260 |
_aप्रयाग _b इंडियन प्रैस _c1962 |
||
| 300 |
_a332i` _ccm. |
||
| 650 | _aभाषाशास्त्र | ||
| 942 |
_hP, 152J6;K2 _cTEXL _2CC |
||
| 999 |
_c375334 _d375334 |
||